Responses for show #6851 - Monday, June 2, 2014

Julia Collins game 21.

Contestants

[<< previous game]

Brian Loughnane, an investment operations manager from Scituate, Massachusetts

Debra Walsh, a retired accounting instructor from Morehead City, North Carolina

Julia Collins, a supply chain professional from Kenilworth, Illinois (whose 20-day cash winnings total $428,100)

[next game >>]

Jeopardy! Round responses

EASY BEING GREEN
WE MAKE THAT!
HAVE A COUNTY SEAT
HISTORIC PEOPLE IN ART
"BABY" ON BOARD
LITTLE LEAGUE BASEBALL
(Alex: And now, to mark the 75th anniversary of Little League, we have a whole category devoted to that subject.)
    $200 8
(Julia: What is jade?)

emerald

JuliaDebra
    $200 7
Bic

Brian
    $200 18
New York

Julia
    $200 1
(Debra: What is the Incan Empire?)

the Aztec Empire

DebraBrian
    $200 3
baby-doll

Julia
    $200 13
Australia

Debra
    $400 19
Michigan

Julia
    $400 2
(Brian: Who is the Pliny the Younger?)

Martin Luther

Brian
Triple Stumper
    $400 4
a bush baby

Julia
    $400 14
the Hall of Fame

Debra
    $600 20
(Brian: What is Wisconsin?)

Iowa

JuliaBrian
    $600 9
Elizabeth I

Julia
    $600 5
Baby Face Nelson

Brian
    $600 15
(Brian: What's the distance from the mound to the plate?)

the distance from home to first (the distance between bases)

DebraBrian
    $800 26
[The end-of-round signal sounds.]

The Hulk

Julia
    $800 25
Gulfstream

Brian
    $800 21
(Alex: Correct, with less than a minute to go.)

Oklahoma

Brian
    $800 11
Chairman Mao

Julia
    $800 6
baby's breath

Debra
    $800 16
Williamsport

Julia
    $1000 24
(Brian: What is Heineken?)

Rolling Rock

JuliaBrian
    $1000 23
Kohler

Julia
    $1000 22
Wyoming

Julia
    $1,800 12
Becket

Julia
    $1000 10
(Debra: What is breech?)

a breech baby (baby breech accepted)

DebraBrian
    $1000 17
(Alex: Oh, my gosh. I did it well enough for you to pick up on that. I'm surprised and pleased. Go again.)
(Debra: You gave it away.)

Howard Cosell

Debra

Scores at the first commercial break (after clue 12):

Julia Debra Brian
$3,600 -$200 $1,600

Scores at the end of the Jeopardy! Round:

Julia Debra Brian
$9,400 $2,000 $1,000

Double Jeopardy! Round responses

EASY BEING GREEN
MEMOIRS
INDIA
WORD ORIGINS
DIDN'T MAKE THE BILLBOARD TOP 40
YOU'RE A 3-LETTER ANIMAL
    $400 5
wind

Triple Stumper
    $400 21
Frederick Douglass

Julia
    $400 1
New Delhi

Triple Stumper
    $400 16
an auction

Julia
    $400 8
Jimi Hendrix

Julia
    $400 12
a bat

Debra
    $800 6
a clothesline

Debra
    $800 22
Oscar Wilde

Brian
    $800 2
rhinoceros

Brian
    $800 17
"guy"

Julia
    $800 9
Bruce Springsteen

Julia
    $800 13
a yak

Debra
    $1200 7
Chevrolet

Julia
    $1200 24
Neil Young

Brian
    $1200 3
the British East India Company

Brian
    $1200 18
foyer

Triple Stumper
    $1200 10
The Rolling Stones

Debra
    $1200 14
(Alex: [*]. What's new with you?)

a gnu

Julia
    $1600 27
[In the clue as it originally appeared, "this" in the URL was all-capitalized, while the rest of the URL was not, helping distinguish between the URL and the "this".]

Rainforest

Triple Stumper
    $1600 25
Nigeria

Triple Stumper
    $1600 4
Sikh

Brian
    $3,200 19
(Julia: What is a... calculator?)

abacus

Julia
    $1600 11
Van Halen

Triple Stumper
    $1600 29
an emu

Julia
    $2,000 28
Kyoto

Brian
    $2000 26
(Julia: Who is Voltaire?)
...
(Alex: It's the other one, [*], not Voltaire.)

Rousseau

Julia
Triple Stumper
    $2000 23
Portugal

Brian
    $2000 20
berserk

Triple Stumper
    $2000 15
Modern English

Triple Stumper
    $2000 30
an auk

Brian

Scores at the end of the Double Jeopardy! Round:

Julia Debra Brian
$11,000 $5,200 $12,600

[wagering suggestions for these scores]

Final Jeopardy! Round responses

OSCAR-WINNING WRITERS
(Alex: [To Brian] [*], the author of The Cider House Rules. And he is our new champion with $22,600. Welcome to the winners' level. And we're gonna miss Julia Collins. She's going away, though, with $428,000. We'll see her again in our Tournament of Champions. Well done, young lady.)
DebraWho is Stephen King?
$0
JuliaWho is Chabon?
$11,000
BrianWho is John Irving
$10,000
John Irving

Final scores:

Julia Debra Brian
$0 $5,200 $22,600
3rd place: $1,000 2nd place: $2,000 New champion: $22,600

Game dynamics:

Coryat scores:

Julia Debra Brian
$13,400 $5,200 $12,600
21 R
(including 1 DD),
3 W
(including 1 DD)
10 R,
2 W
14 R
(including 1 DD),
4 W

Combined Coryat: $31,200

The J! Archive is created by fans, for fans. The Jeopardy! game show and all elements thereof, including but not limited to copyright and trademark thereto, are the property of Jeopardy Productions, Inc. and are protected under law. This website is not affiliated with, sponsored by, or operated by Jeopardy Productions, Inc. Join the discussion at JBoard.tv.